| 000 | 00974cam a2200205 4500 | ||
|---|---|---|---|
| 001 | WS104696 | ||
| 008 | 000000n 000 0 eng u | ||
| 035 | _a(Sirsi) u104696 | ||
| 110 | 1 |
_aEmap Construct Ltd _93840 |
|
| 245 | _aConstruction Plus | ||
| 520 | _aWeb site set up by the publishers Emap Construct Ltd to provide a 'knowledge centre' as called for by the Egan report. It lists journals which it publishes and each journal has its own home page giving product and company directories, searchable archives and job adverts. The journals covered are Architects Journal, Construction News and New Civil Engineer. | ||
| 650 | _aJOURNALS | ||
| 650 | _aBUILT ENVIRONMENT-BUILDING MATERIALS | ||
| 650 | _aBUILT ENVIRONMENT-BUILDING MATERIALS | ||
| 650 | _aARCHITECTURE | ||
| 650 | _aCIVIL ENGINEERING | ||
| 690 | _aBUILT ENVIRONMENT | ||
| 856 | 4 | 0 |
_uhttps://www.constructionplus.co.uk/ _zView the website free of charge at www.constructionplus.co.uk/... |
| 942 | _n0 | ||
| 999 |
_c119441 _d119441 |
||